000 01425nam0a2200397 4500
001 RU\NLR\bibl\95168
005 20260406030601.0
010 _a5-7905-0176-1
_9220000
020 _aRU
_b98-36653
_9Книжная летопись
021 _aRU
_b98-28979
_91380
035 _a(NLR Aleph) 000093009
090 _a522483
_c522483
100 _a20000410d1998 |||y0rusy50 ca
101 0 _arus
102 _aRU
105 _ay |||||||||
200 1 _aРусский стол
_eТрадиц. блюда рус. нац. кухни
_fЛ. Строкова
210 _aМ.
_cРИПОЛ классик
_d1998
215 _a189,[1] с.
_d22
225 1 _aГотовим по-домашнему
606 0 _aКулинарное производство
_xРусская кухня
_91453867
_3RU\NLR\auth\66616234
606 0 _aРусская кухня
_92085292
_3RU\NLR\auth\661261407
610 0 _aНациональные блюда русские
610 0 _aКулинария - Рецептура
675 _a641.568(-82)(083.12)
_v3
_zrus
686 _a75
_2rugasnti
686 _a36.997
_2rubbk
686 _aЛ997(2)Русская
700 1 _4070
_7ca
_8rus
_aСтрокова
_bЛ. В.
_9110899
_3RU\NLR\auth\77862
801 0 _aRU
_bRKP
_c20000410
_gPSBO
801 1 _aRU
_bRKP
_c20000410
801 2 _aRU
_bNLR
_c20070221
_grcr
852 _aNLR
_j98-3/8581
942 _cBOOK
980 _aNB